| 000 | 01602nam a2200313 4500 | ||
|---|---|---|---|
| 001 | 0000020742 | ||
| 003 | CO-CtgCURN | ||
| 005 | 20260131154217.0 | ||
| 007 | ta | ||
| 008 | 160627s1996 000 0 eng d | ||
| 020 | _a8476983980 | ||
| 040 |
_aCO-CtgCURN _bspa _ccoctgcurn |
||
| 082 | 0 |
_a347.05 _bS45c |
|
| 100 | 1 | _aSilva Sánchez, Jesus María. | |
| 245 | 1 | 0 |
_aCasos de la jurisprudencia penal con comentarios doctrinales : _bparte general / _cJesus María Silva Sánchez, F. Baldo Lavilla y M. Corcoy Bidasolo. |
| 250 | _a2a ed. | ||
| 260 |
_aBarcelona : _bJosé María Bosch, _c1996. |
||
| 300 | _a475 p. | ||
| 336 | _2rdacontent | ||
| 337 |
_2rdamedia _asin mediacion _bn |
||
| 338 |
_2rdacarrier _avolumen _bnc |
||
| 490 | 1 |
_aBiblioteca de derecho penal, Publicaciones del Instituto de Criminología de la Universidad de Barcelona, Serie ; _v2 |
|
| 505 | 8 | _aLa resolucion de casos en derecho penal.--Fundamentos del derecho penal.--Acción juridico penal.--Acción juridico penal causas de exclusion de la acción.--Tipicidad, el tipo doloso. imputacion objetiva.-- Tipicidad, el tipo doloso, imputacion subjetiva.--Tipicidad, el tipo imprudente, imputacion objetiva y subjetiva.--Tipicidad el tipo omosivo, omision pura y comision por omision. imputacion objetiva e imputacion subjetiva.--Antijurisidad, causas de justificacion | |
| 650 | 1 | 4 |
_aProcedimiento penal _zEspaña. |
| 700 | 1 |
_aDaldo Lavilla, Francisco _aCorcoy Bidasolo, Mirentxu. |
|
| 908 | _a160627 | ||
| 942 |
_cBK _h347.05 _iS45c _2ddc _n0 |
||
| 999 |
_c19796 _d19796 |
||